000 00452nam a2200157 i 4500
001 71825
003 ES-MaACL
005 20230906171236.0
007 t|
008 040819s1973 sp ||||1| spa d
100 1 _aGibert, E. S.
_956642
245 1 0 _aSobre las cumbres del Gran Sasso
_b: historia y valores de una vida /
_cE.S. Gibert.
260 _aMadrid :
_bStudium,
_c[1973]
300 _a226 p. ;
_c22 cm.
852 _aES-MaACL
_jC-54324
_bR.87158
999 _c71825
_d71825